| 000 | 00395nam a2200133 4500 | ||
|---|---|---|---|
| 999 |
_c509079 _d509079 |
||
| 008 | 190423b ||||| |||| 00| 0 eng d | ||
| 100 |
_aSpodek, Howard _94674 |
||
| 245 | _aRecent perspectives on urbanisation: Ahmedabad stories | ||
| 260 | _c2018 | ||
| 300 | _ap.89-97. | ||
| 773 | _aEconomic and Political Weekly | ||
| 906 | _aUrbanisation - India - Gujarat - Ahmedabad | ||
| 942 |
_2ddc _cAR |
||